Arxiu Històric Comarcal de Tàrrega : 1986-1996 / 1986-1996 /
Publicado:
Tàrrega :
Arxiu Històric Comarcal de Tàrrega, amb la col·laboració del Consell Comarcal de l'Urgell i l'Ajuntament de Tàrrega ,
1996
Descripción Física:
62 p. . il. ; 30 cm
MARC
| LEADER | 00000nam a2200000Ia 4500 | ||
|---|---|---|---|
| 001 | 11491 | ||
| 003 | BGR | ||
| 005 | 20260324175209.0 | ||
| 008 | 160829s1996 xx 000 0 cat d | ||
| 080 | |a A-1-9 | ||
| 110 | 1 | |9 70356 |a Arxiu Històric Comarcal de Tàrrega | |
| 245 | |a Arxiu Històric Comarcal de Tàrrega : |b 1986-1996 / |c a cura de Gener Gonzalvo i Bou | ||
| 260 | |a Tàrrega : |b Arxiu Històric Comarcal de Tàrrega, amb la col·laboració del Consell Comarcal de l'Urgell i l'Ajuntament de Tàrrega, |c 1996 | ||
| 300 | |a 62 p. . il. ; |c 30 cm | ||
| 590 | |a A la coberta : Xè aniversari, memòria d' activitats | ||
| 650 | |a Arxiu Històric Comarcal de Tàrrega |x Memòries |9 19657 | ||
| 700 | 1 | |a Gonzalvo i Bou, Gener |9 27899 | |
| 700 | |a Urgell. Consell Comarcal |9 19659 | ||
| 710 | |a Tàrrega (Catalunya). |b Ajuntament |9 55379 | ||
| 901 | |a Arxiu | ||
| 942 | |n 1 |2 udc |c MON | ||
| 952 | |0 0 |1 0 |4 0 |6 A19 |7 1 |9 41297 |a Arxiu |b Arxiu |d 2016-12-01 |l 0 |o A-1-9 |p 11491 |r 2016-12-01 00:00:00 |w 2016-12-01 |y ARXIU | ||
| 999 | |c 43080 |d 43080 | ||